Un nouveau chapitre de la Vie de S. François d'Assise / (Record no. 164238)

MARC details
000 -LEADER
campo de control de longitud fija 00666nam a2200181 i 4500
001 - NÚMERO DE CONTROL
campo de control 164238
003 - IDENTIFICADOR DE NÚMERO DE CONTROL
campo de control ES-MaACL
005 - FECHA Y HORA DE LA ÚLTIMA TRANSACCIÓN
campo de control 20250825063339.0
008 - DATOS DE LONGITUD FIJA--INFORMACIÓN GENERAL
campo de control de longitud fija 050728s1896 fr | |||||||| ||fre d
040 ## - FUENTE DE CATALOGACIÓN
Centro catalogador/agencia de origen CAM
Lengua de catalogación spa
Centro/agencia transcriptor CAM
100 1# - ENTRADA PRINCIPAL--NOMBRE DE PERSONA
Nombre de persona Sabatier, Paul,
Fechas asociadas al nombre 1858-1928
9 (RLIN) 101187
245 10 - MENCIÓN DEL TÍTULO
Título Un nouveau chapitre de la Vie de S. François d'Assise /
Mención de responsabilidad, etc. par Paul Sabatier.
260 ## - PUBLICACIÓN, DISTRIBUCIÓN, ETC.
Lugar de publicación, distribución, etc. Paris :
Nombre del editor, distribuidor, etc. Librairie Fischbacher,
Fecha de publicación, distribución, etc. 1896 (
Lugar de fabricación/manufactura Dole :
Fabricante Typographie L. Bernin)
300 ## - DESCRIPCIÓN FÍSICA
Extensión 24 p. ;
Dimensiones 22 cm.
600 04 - PUNTO DE ACCESO ADICIONAL DE MATERIA--NOMBRE DE PERSONA
Nombre de persona Francisco de Asís
Títulos y otros términos asociados al nombre Santo-
Subdivisión general Biografías.
9 (RLIN) 52190
852 ## - LOCALIZACIÓN
Ubicación ES-MaACL
Número de control de estantería F-3467(2)
Nota libre -- Enc. hol. conservando la cub. original
Holdings
Estatus retirado Estado de pérdida Estado de daño No para préstamo Colección Biblioteca de origen Biblioteca actual Ubicación en estantería Fecha de adquisición Fuente de adquisición Total de préstamos Signatura topográfica completa Código de barras Visto por última vez Precio de reemplazo Tipo de ítem Koha
        Libros del s. XIX Biblioteca del Ateneo de Madrid Biblioteca del Ateneo de Madrid Depósito 2 17/01/2008     F-3467(2) 1172139 23/02/2023 23/02/2023 Libro impreso antiguo